000 00446nam a22001817a 4500
003 NUST - PNEC
005 20170116181040.0
008 150922b xxu||||| |||| 00| 0 eng d
020 _a-
040 _cLIBRARY
082 _a005.133 BOR
100 _911560
_aBorland
245 _aTurbo pascal : User's guide
_cBorland
250 _a-
260 _c-
650 _911561
_aPascal (Computer program language)
_xMIS, Computer
942 _2ddc
_cBK
999 _c68073
_d68073